000 00499nam a2200169Ia 4500
005 20250326125654.0
008 250326s9999 xx 000 0 und d
037 _aTextbook
040 _aFMSL
_beng
_cFMSL
041 _aeng
_2eng
084 _aX:89C K5
_qFMSL
245 0 _aReport of the study team on standardisation of tools & tools control
260 _aBombay
_bBombay, Bombay Productivity Council
_c1965
300 _a45p
942 _cTB
_hX:89C K5
999 _c1279055
_d1279055